[Event "European Rapid 2017"]
[Site "Katowice POL"]
[Date "2017.12.16"]
[Round "2.17"]
[White "Kolasinski, Krzysztof"]
[Black "Miton, Kamil"]
[Result "0-1"]
[BlackTitle "GM"]
[WhiteElo "2045"]
[BlackElo "2584"]
[WhiteFideId "1122240"]
[BlackFideId "1111914"]
[EventDate "2017.12.16"]

1. d4 Nf6 2. c4 Nc6 3. Nc3 e5 4. d5 Ne7 5. h4 d6 6. Bg5 Neg8 7. Qc2 Be7 8. Nf3
Ng4 9. g3 h6 10. Bd2 N8f6 11. e4 O-O 12. Be2 c6 13. Nh2 Nxh2 14. Rxh2 cxd5 15.
cxd5 Ng4 16. Rg2 a6 17. a4 Bd7 18. Ra3 Qc7 19. f3 Nf6 20. Qb3 Rfc8 21. a5 Be8
22. Be3 Nd7 23. Qd1 Bd8 24. b4 b6 25. Bd2 bxa5 26. bxa5 Nc5 27. Kf2 Nd3+ 28. Kf1
Nb2 29. Qc2 Nc4 30. Bxc4 Qxc4+ 31. Re2 Rab8 32. Ra1 Rb3 33. Rc1 Bxa5 34. Kf2
Bxc3 35. Re3 Bxd2 0-1

[Event "European Rapid 2017"]
[Site "Katowice POL"]
[Date "2017.12.16"]
[Round "2.18"]
[White "Brunello, Sabino"]
[Black "Kowalczyk, Mariusz"]
[Result "1-0"]
[WhiteTitle "GM"]
[WhiteElo "2553"]
[BlackElo "2038"]
[WhiteFideId "813613"]
[BlackFideId "1126202"]
[EventDate "2017.12.16"]

1. b3 e5 2. Bb2 Nc6 3. e3 Nf6 4. Bb5 Bd6 5. Na3 a6 6. Be2 b5 7. c4 b4 8. Nc2 Bb7
9. d4 exd4 10. exd4 Ne7 11. Nf3 a5 12. g3 Ng6 13. h4 Nh5 14. d5 Qe7 15. O-O O-O
16. Ncd4 Rae8 17. Bd3 Ne5 18. Nf5 Qf6 19. Nxe5 Bxe5 20. Bxe5 Rxe5 21. Qxh5 g6
22. Qh6 Rxf5 23. Bxf5 Qxf5 24. Rad1 c6 25. Qg5 Qc2 26. Qd2 Qf5 27. Qd3 Qh3 28.
Rfe1 Ba6 29. Qd4 cxd5 30. cxd5 d6 31. Re3 Bc8 32. Rde1 Bd7 33. Qf6 1-0

[Event "European Rapid 2017"]
[Site "Katowice POL"]
[Date "2017.12.16"]
[Round "2.19"]
[White "Leks, Maria"]
[Black "Chigaev, Maksim"]
[Result "0-1"]
[WhiteTitle "WCM"]
[BlackTitle "GM"]
[WhiteElo "2145"]
[BlackElo "2555"]
[WhiteFideId "1134957"]
[BlackFideId "4108116"]
[EventDate "2017.12.16"]

1. e4 c6 2. c4 d6 3. Nf3 g6 4. d4 Bg7 5. Be3 Nf6 6. Bd3 O-O 7. h3 e5 8. O-O exd4
9. Bxd4 Re8 10. Nbd2 Nbd7 11. Re1 Ne5 12. Bc2 Nh5 13. Bxe5 dxe5 14. c5 Qe7 15.
b4 Rd8 16. Qb1 Qf6 17. Re3 Bh6 18. Rd3 Bxh3 19. gxh3 Rxd3 20. Bxd3 Bxd2 21. Nxd2
Qg5+ 22. Kh1 Qxd2 23. Qc2 Qxc2 24. Bxc2 a5 25. Bb3 axb4 26. Rd1 Nf6 27. f3 Kf8
28. Kg2 Ke7 29. Kf2 Ra5 30. Rc1 Nd7 31. Rc4 Nxc5 0-1

[Event "European Rapid 2017"]
[Site "Katowice POL"]
[Date "2017.12.16"]
[Round "2.20"]
[White "Ragger, Markus"]
[Black "Zukauskas, Arnas Povilas"]
[Result "1-0"]
[WhiteTitle "GM"]
[WhiteElo "2657"]
[BlackElo "2082"]
[WhiteFideId "1610856"]
[BlackFideId "12808180"]
[EventDate "2017.12.16"]

1. e4 c5 2. Nf3 e6 3. g3 Nc6 4. Bg2 g6 5. d4 cxd4 6. Nxd4 Bg7 7. Nb5 Qa5+ 8.
N1c3 Bxc3+ 9. Nxc3 a6 10. O-O Qc7 11. Be3 d6 12. Qd2 Ne5 13. b3 f6 14. Rfd1 Nf7
15. Na4 Bd7 16. Nb6 Rd8 17. Nc4 Rc8 18. Bb6 Qc6 19. Nxd6+ Nxd6 20. Qxd6 Qxd6 21.
Rxd6 Rc6 22. Rad1 Rxd6 23. Rxd6 Ne7 24. e5 Nc8 25. Bxb7 Nxd6 26. exd6 Kf7 27.
Bc7 h5 28. c4 h4 29. c5 h3 30. c6 Ke8 31. cxd7+ Kxd7 32. Bxa6 Rh5 33. a4 Rd5 34.
Kf1 Rd1+ 35. Ke2 Rb1 36. Bb5+ Kc8 37. Ba5 1-0

[Event "European Rapid 2017"]
[Site "Katowice POL"]
[Date "2017.12.16"]
[Round "2.21"]
[White "Jazdanovs, Aleksandrs"]
[Black "Neiksans, Arturs"]
[Result "0-1"]
[BlackTitle "GM"]
[WhiteElo "2218"]
[BlackElo "2590"]
[WhiteFideId "11604492"]
[BlackFideId "11601388"]
[EventDate "2017.12.16"]

1. e4 e5 2. Nf3 Nc6 3. Bb5 a6 4. Ba4 Nf6 5. O-O Be7 6. Re1 b5 7. Bb3 d6 8. a4 b4
9. d3 O-O 10. Nbd2 Na5 11. Ba2 Be6 12. Bxe6 fxe6 13. c3 bxc3 14. bxc3 c5 15. Ba3
Qd7 16. d4 exd4 17. cxd4 cxd4 18. Nxd4 Rfc8 19. Qf3 Bf8 20. Qh3 e5 21. Nf5 Rc6
22. Bb4 Nb7 23. Rad1 g6 24. Nh6+ Kg7 25. Qe3 a5 26. Nf3 axb4 27. Nxe5 Qe8 28.
Nxc6 Qxc6 29. Rc1 Nc5 30. e5 dxe5 31. Qg5 Re8 32. Nf5+ Kh8 33. Ng3 Qe6 34. Re2
Nxa4 35. Rce1 Bd6 36. f4 Nc3 37. Rc2 e4 38. Rf2 Ng4 39. f5 gxf5 40. Rxf5 Rg8 41.
Qh5 Bxg3 42. hxg3 Qb6+ 43. Rc5 Na4 0-1

[Event "European Rapid 2017"]
[Site "Katowice POL"]
[Date "2017.12.16"]
[Round "2.22"]
[White "Buhmann, Rainer"]
[Black "Cech, Dominik"]
[Result "1-0"]
[WhiteTitle "GM"]
[WhiteElo "2584"]
[BlackElo "2156"]
[WhiteFideId "4651340"]
[BlackFideId "14908212"]
[EventDate "2017.12.16"]

1. d4 Nf6 2. c4 g6 3. Nc3 Bg7 4. e4 d6 5. Be2 O-O 6. Be3 e5 7. d5 Na6 8. g4 Nc5
9. f3 a5 10. h4 c6 11. h5 cxd5 12. cxd5 Ne8 13. Qd2 Bd7 14. Nh3 Rb8 15. Bh6 b5
16. Nd1 f5 17. Bxg7 Kxg7 18. hxg6 fxe4 19. Ng5 Rf4 20. gxh7 Kh8 21. Qxf4 1-0

[Event "European Rapid 2017"]
[Site "Katowice POL"]
[Date "2017.12.16"]
[Round "2.23"]
[White "Lewtak, Dominik"]
[Black "Piorun, Kacper"]
[Result "0-1"]
[BlackTitle "GM"]
[WhiteElo "2118"]
[BlackElo "2651"]
[WhiteFideId "1112570"]
[BlackFideId "1130420"]
[EventDate "2017.12.16"]

1. e4 g6 2. d4 Bg7 3. c4 d6 4. Nf3 Nf6 5. Nc3 O-O 6. Be2 Bg4 7. O-O Nfd7 8. h3
Bxf3 9. Bxf3 c5 10. dxc5 Nxc5 11. Be3 Nc6 12. Qd2 Qa5 13. Rac1 Rfc8 14. b3 Rab8
15. Rfd1 Bxc3 16. Rxc3 Ne5 17. Qc2 Nxf3+ 18. gxf3 Nd7 19. Rd5 Qa6 20. Bf4 Nf6
21. Rd1 Qc6 22. Qb2 b6 23. Re3 b5 24. cxb5 Rxb5 25. Bxd6 Nh5 26. Bg3 Qe6 27.
Red3 f6 28. Kh2 Rbc5 29. Qa3 Kf7 30. Qxa7 Nxg3 31. fxg3 Rc2+ 32. R3d2 R8c3 33.
Qf2 Rxd2 34. Rxd2 h5 35. Kg2 Rc1 36. Qd4 Qa6 37. Qf2 Qc6 38. a4 Qc3 39. Rb2 Qd3
40. Kh2 Qd1 41. Qg2 h4 42. a5 hxg3+ 43. Kxg3 Qd6+ 44. f4 Rc3+ 45. Kg4 Qd1+ 46.
Qe2 Qg1+ 47. Qg2 Qd1+ 48. Qe2 Qd7+ 49. f5 g5 50. Rc2 Qc7 51. Kh5 Rxc2 52. Qa6
Rc6 53. Qa8 Qf4 0-1

[Event "European Rapid 2017"]
[Site "Katowice POL"]
[Date "2017.12.16"]
[Round "2.24"]
[White "Andriasian, Zaven"]
[Black "Ozolins, Aris"]
[Result "1-0"]
[WhiteTitle "GM"]
[BlackTitle "FM"]
[WhiteElo "2585"]
[BlackElo "2145"]
[WhiteFideId "13302000"]
[BlackFideId "11601671"]
[EventDate "2017.12.16"]

1. e4 c5 2. Nf3 Nc6 3. Bb5 g6 4. Bxc6 dxc6 5. d3 Bg7 6. h3 Nf6 7. Nc3 b6 8. Be3
O-O 9. Qd2 Re8 10. Bh6 Bh8 11. h4 e5 12. O-O-O Ng4 13. h5 Nxh6 14. Qxh6 Bg7 15.
Qe3 Bg4 16. hxg6 hxg6 17. Kb1 a5 18. Rh2 Qf6 19. Rdh1 Qf4 20. Qxf4 exf4 21. Rh4
Bxf3 22. gxf3 g5 23. Rh5 f6 24. a4 Kf7 25. Ne2 Rad8 26. Kc1 Rh8 27. b3 Rxh5 28.
Rxh5 Kg6 29. Rh1 f5 30. Kd2 Rh8 31. Rxh8 Bxh8 32. c3 Kh5 33. exf5 Be5 34. d4
cxd4 35. cxd4 Bd6 36. Kd3 Kh4 37. Nc3 g4 38. fxg4 Kxg4 39. Ke4 f3 40. Nd1 Bf4
41. Ne3+ Kg5 42. Kxf3 1-0

[Event "European Rapid 2017"]
[Site "Katowice POL"]
[Date "2017.12.16"]
[Round "2.25"]
[White "Zielinski, Maciej"]
[Black "Fressinet, Laurent"]
[Result "0-1"]
[BlackTitle "GM"]
[WhiteElo "2197"]
[BlackElo "2662"]
[WhiteFideId "1140817"]
[BlackFideId "608742"]
[EventDate "2017.12.16"]

1. e4 e5 2. Nf3 Nc6 3. Bc4 Nf6 4. d3 Bc5 5. c3 a6 6. Bb3 d6 7. O-O Ba7 8. Nbd2
O-O 9. h3 Ne7 10. d4 Ng6 11. Re1 exd4 12. cxd4 d5 13. e5 Nh5 14. Nf1 c6 15. Bc2
Nhf4 16. Ng3 f6 17. Bxg6 Nxg6 18. exf6 Qxf6 19. Bg5 Qf7 20. Qd2 Bxh3 21. Ne5
Nxe5 22. Rxe5 Be6 23. Rae1 Rae8 24. Qe3 Bd7 25. Be7 Bb8 26. Bxf8 Bxe5 27. dxe5
Qxf8 28. f4 Bf5 29. a3 Qf7 30. b4 Qg6 31. Ne2 h5 32. Nd4 Be4 33. Re2 Rf8 34. Rf2
Qg4 35. Qd2 h4 36. Qe3 h3 37. g3 Qd1+ 38. Rf1 h2+ 0-1

[Event "European Rapid 2017"]
[Site "Katowice POL"]
[Date "2017.12.16"]
[Round "2.26"]
[White "Demidov, Mikhail"]
[Black "Mis, Mieszko"]
[Result "1/2-1/2"]
[WhiteTitle "IM"]
[WhiteElo "2523"]
[BlackElo "2240"]
[WhiteFideId "4197143"]
[BlackFideId "1196448"]
[EventDate "2017.12.16"]

1. Nf3 Nf6 2. g3 d5 3. Bg2 c6 4. O-O Bg4 5. b3 Nbd7 6. Bb2 e6 7. d3 Bd6 8. c4
O-O 9. Qc2 Qe7 10. Nbd2 e5 11. h3 Bxf3 12. Nxf3 e4 13. Nd4 Be5 14. cxd5 cxd5 15.
Rac1 a6 16. dxe4 dxe4 17. Rfd1 Rfd8 18. e3 h5 19. Qc4 g6 20. Qc2 Rac8 21. Qxc8
Rxc8 22. Rxc8+ Kg7 23. Rdc1 Bd6 24. Ne2 Be5 25. Bd4 Bxd4 26. Nxd4 Ne5 27. R1c5
Nc6 28. Rc4 Ne5 29. Rc1 Qd6 30. Rd1 Qa3 31. Rc2 Nd3 32. Bf1 Nd5 33. Bg2 Nf6 34.
Ne2 b5 35. Nc3 Qc5 36. Rdd2 Nb4 37. Nxe4 Qe5 38. Nxf6 Nxc2 39. Rxc2 Qxf6 40. h4
Qa1+ 41. Bf1 Qd1 42. Rc6 a5 43. Rc5 a4 44. bxa4 Qxa4 45. Rxb5 Qxa2 46. Rb4 Qa3
47. Rd4 Qc1 48. Rf4 Qb1 49. Kg2 Qb7+ 50. Kh2 f6 51. Rd4 g5 52. Bh3 Qb2 53. Kg1
Qc1+ 54. Bf1 Qb1 55. Rd7+ Kf8 56. Rd5 Qe4 57. Rc5 Qe7 58. Rc4 Qe5 59. Be2 Qa1+
60. Kg2 Qa2 61. Rc8+ Ke7 62. Bxh5 gxh4 63. gxh4 Qa4 64. Kg3 Qa1 65. Bf3 Qe5+ 66.
Kg2 f5 67. Rc4 Qg7+ 68. Kh2 Qb2 69. Kg1 Qg7+ 70. Kf1 Qa1+ 71. Kg2 Qg7+ 72. Kh2
Qb2 73. Kg3 Qg7+ 74. Kh3 Qb2 75. Kg2 Qg7+ 76. Kh3 Qb2 1/2-1/2

[Event "European Rapid 2017"]
[Site "Katowice POL"]
[Date "2017.12.16"]
[Round "2.27"]
[White "Shemshiji, Agim"]
[Black "Kovalev, Vladislav"]
[Result "0-1"]
[BlackTitle "GM"]
[WhiteElo "2010"]
[BlackElo "2639"]
[WhiteFideId "15002888"]
[BlackFideId "13504398"]
[EventDate "2017.12.16"]

1. e4 e5 2. Nf3 Nc6 3. Bc4 Nf6 4. d3 Bc5 5. c3 O-O 6. h3 a6 7. Bg5 h6 8. Bh4 Be7
9. Nbd2 d6 10. Bb3 Nh5 11. Bxe7 Qxe7 12. Nf1 Nf4 13. Ne3 Be6 14. Kd2 Rad8 15. g3
d5 16. exd5 Nxd5 17. Nxd5 Bxd5 18. Bxd5 Rxd5 19. Re1 Rfd8 20. Re3 Qf6 21. Qe2 e4
22. Ne1 exd3 23. Re8+ Kh7 24. Qe4+ g6 25. f4 Rxe8 26. Qxe8 Ne5 27. b3 Qb6 0-1

[Event "European Rapid 2017"]
[Site "Katowice POL"]
[Date "2017.12.16"]
[Round "2.28"]
[White "Plat, Vojtech"]
[Black "Szadkowski, Krzysztof"]
[Result "1-0"]
[WhiteTitle "GM"]
[WhiteElo "2567"]
[BlackElo "2138"]
[WhiteFideId "325740"]
[BlackFideId "1125060"]
[EventDate "2017.12.16"]

1. e4 Nf6 2. e5 Nd5 3. g3 d6 4. exd6 exd6 5. Bg2 Nb6 6. Ne2 Be7 7. O-O O-O 8. b3
Bf6 9. Nbc3 Nc6 10. Bb2 Bg4 11. f3 Bf5 12. a3 Re8 13. d4 Qd7 14. Ne4 Be7 15. d5
Ne5 16. c4 Bh3 17. c5 Bxg2 18. Kxg2 Nc8 19. Nf4 Qf5 20. cxd6 cxd6 21. Qd4 Bd8
22. Rae1 Bb6 23. Qa4 Re7 24. Bxe5 Rxe5 25. g4 Qxf4 26. Nf6+ 1-0

[Event "European Rapid 2017"]
[Site "Katowice POL"]
[Date "2017.12.16"]
[Round "2.29"]
[White "Saric, Ivan"]
[Black "Dziodzio, Angelika"]
[Result "0-1"]
[WhiteTitle "GM"]
[BlackTitle "WFM"]
[WhiteElo "2669"]
[BlackElo "2125"]
[WhiteFideId "14508150"]
[BlackFideId "1170643"]
[EventDate "2017.12.16"]

1. e4 c5 2. Nf3 d6 3. d4 cxd4 4. Nxd4 Nf6 5. Nc3 Nc6 6. Bg5 Qb6 7. Nb3 e6 8. Qd2
Be7 9. Bxf6 gxf6 10. a4 a5 11. Nb5 O-O 12. h4 Rd8 13. Rh3 Kh8 14. O-O-O e5 15.
Rg3 Be6 16. f4 f5 17. exf5 Bxf5 18. Bd3 Bxd3 19. Qxd3 Nb4 20. Qf5 Qf2 21. Rf3
Qxg2 22. fxe5 dxe5 23. Nd2 f6 24. c3 Rac8 25. Kb1 Na6 26. Qe6 Qe2 27. Rff1 Qd3+
28. Ka1 Qd7 29. Qf7 Rf8 30. Qh5 Qe6 31. Rg1 Nc5 32. Nf3 Nxa4 33. Qh6 Qf7 34.
Rdf1 Rg8 35. Nxe5 Qb3 36. Qd2 fxe5 37. Qe2 Qd5 38. Nd4 Rcf8 39. Rxg8+ Rxg8 40.
Nf5 Bf8 41. c4 Qc5 42. Ne3 Nb6 43. h5 a4 44. h6 Bxh6 45. Nf5 Bf4 46. Rh1 Rg1+
47. Rxg1 Qxg1+ 48. Ka2 Qc5 49. Qh5 Qxc4+ 50. Ka1 Qe6 51. Qg4 Qf7 52. Nd6 Qd7 53.
Nf5 Nd5 54. Qd1 Qc6 55. Qh5 Nb4 0-1

[Event "European Rapid 2017"]
[Site "Katowice POL"]
[Date "2017.12.16"]
[Round "2.30"]
[White "Kindler, Przemyslaw"]
[Black "Fedorov, Alexei"]
[Result "0-1"]
[BlackTitle "GM"]
[WhiteElo "2058"]
[BlackElo "2573"]
[WhiteFideId "1159542"]
[BlackFideId "13500465"]
[EventDate "2017.12.16"]

1. e4 c5 2. Nf3 Nc6 3. d3 g6 4. g3 Bg7 5. Bg2 e5 6. O-O Nge7 7. Be3 d6 8. Qd2
O-O 9. Bh6 f5 10. Bxg7 Kxg7 11. exf5 gxf5 12. Nc3 f4 13. Ne4 Ng6 14. h4 Kh8 15.
c3 Bg4 16. Nh2 Bh5 17. Ng5 Qe7 18. Bd5 h6 19. Ngf3 Qd7 20. Ne1 Rf6 21. Ng2 Nge7
22. Bxc6 Nxc6 23. gxf4 Rg8 24. fxe5 Qh3 25. f4 Rxg2+ 26. Qxg2 Rg6 27. Qxg6 Bxg6
28. Rf3 Qe6 29. exd6 Bf5 30. Kf2 Qxd6 31. Re1 Kg7 32. Nf1 Bg4 33. Rg3 h5 34. Re4
Kf7 35. Nh2 Bf5 36. Ree3 Qxf4+ 37. Ref3 Qd2+ 38. Kg1 Ne7 39. Rf2 Qc1+ 40. Kg2
Ke6 41. Nf3 Bg4 42. Ng5+ Kd7 43. Ne4 Nf5 44. Nf6+ Kc8 45. Nxg4 Nxg3 46. Kxg3
hxg4 47. Kxg4 Qg1+ 48. Kf3 Qb1 49. Kg4 Qg1+ 50. Kf3 Kd7 51. Rd2 Qf1+ 52. Kg4 Ke6
53. Rh2 Qg1+ 54. Kh3 Kf5 55. Rg2 Qf1 56. Kg3 Qxd3+ 57. Kh2 Qf3 58. a3 c4 59. Rg3
Qf2+ 60. Rg2 Qxh4+ 61. Kg1 Qe1+ 62. Kh2 Kf4 63. Rg7 Qd2+ 64. Rg2 Ke5 0-1

[Event "European Rapid 2017"]
[Site "Katowice POL"]
[Date "2017.12.16"]
[Round "2.31"]
[White "Moranda, Wojciech"]
[Black "Rozycki, Bartlomiej"]
[Result "1-0"]
[WhiteTitle "GM"]
[WhiteElo "2593"]
[BlackElo "2134"]
[WhiteFideId "1122401"]
[BlackFideId "1106996"]
[EventDate "2017.12.16"]

1. d4 Nf6 2. c4 e6 3. Nc3 Bb4 4. Nf3 d5 5. Qa4+ Nc6 6. cxd5 exd5 7. Bg5 O-O 8.
e3 h6 9. Bxf6 Qxf6 10. Be2 Be6 11. O-O a6 12. Rfc1 Bd6 13. Qd1 Rfd8 14. Na4 Ne7
15. Nc5 Bc8 16. b4 b6 17. Nd3 Bb7 18. Nfe5 Ng6 19. f4 Bxe5 20. fxe5 Qe7 21. Qd2
Nf8 22. Bg4 Bc8 23. Bf3 Ne6 24. Rc2 Bb7 25. Rac1 Rac8 26. Nf4 Nxf4 27. exf4 c6
28. a4 b5 29. a5 f5 30. Rc5 Rc7 31. Qc2 Qe6 32. Kh1 Rcc8 33. g4 g6 34. Rg1 Kh8
35. gxf5 gxf5 36. Qf2 Rg8 37. Rcc1 Qe7 38. Qc2 Qf7 39. Qc5 Qd7 40. Bh5 Rxg1+ 41.
Rxg1 Rg8 42. Qd6 Qxd6 43. exd6 Rd8 44. Re1 Kg8 45. Re7 Ba8 46. d7 1-0

[Event "European Rapid 2017"]
[Site "Katowice POL"]
[Date "2017.12.16"]
[Round "2.32"]
[White "Szyszylo, Rafal"]
[Black "Gajewski, Grzegorz"]
[Result "1/2-1/2"]
[BlackTitle "GM"]
[WhiteElo "2236"]
[BlackElo "2601"]
[WhiteFideId "1109626"]
[BlackFideId "1116207"]
[EventDate "2017.12.16"]

1. e4 c5 2. Nf3 e6 3. d4 cxd4 4. Nxd4 a6 5. Nc3 Qc7 6. Be3 Bb4 7. Ne2 Nf6 8. a3
Be7 9. h3 b5 10. Bf4 d6 11. g4 Bb7 12. Bg2 Nc6 13. O-O h5 14. g5 Nh7 15. h4 f6
16. Qd2 Ne5 17. Nd4 Bc8 18. gxf6 gxf6 19. Bg3 Nf8 20. b3 Rg8 21. Nce2 Qb6 22.
Qh6 Nfg6 23. Kh1 Bd7 24. Bh3 Kf7 25. Qd2 Rg7 26. f4 Ng4 27. f5 exf5 28. Nxf5
Rgg8 29. Bxg4 hxg4 30. Nh6+ Kg7 31. Nxg8 Rxg8 32. Nd4 Rh8 33. Qf2 Qb7 34. Rae1
Rh5 35. Kg1 Ne5 36. Bxe5 dxe5 37. Nf5+ Bxf5 38. exf5 Bd8 39. Qg3 Bb6+ 40. Kh2
Kf8 41. Qxg4 Qh7 42. Kh3 Bd4 43. Rd1 Qh6 44. Rd3 Rg5 45. Qf3 Rh5 46. Qg4 Rg5 47.
Qf3 Rh5 1/2-1/2

[Event "European Rapid 2017"]
[Site "Katowice POL"]
[Date "2017.12.16"]
[Round "2.33"]
[White "Dvirnyy, Danyyil"]
[Black "Sazonova, Anastasia"]
[Result "1-0"]
[WhiteTitle "GM"]
[BlackTitle "WFM"]
[WhiteElo "2532"]
[BlackElo "2127"]
[WhiteFideId "817570"]
[BlackFideId "24131008"]
[EventDate "2017.12.16"]

1. d4 d5 2. c4 c6 3. Nf3 Nf6 4. e3 Bf5 5. Nc3 e6 6. Nh4 Be4 7. f3 Bg6 8. Qb3 Qc7
9. Bd2 Be7 10. Nxg6 hxg6 11. O-O-O dxc4 12. Bxc4 b5 13. Be2 a6 14. Ne4 Nbd7 15.
Kb1 c5 16. Nxf6+ Nxf6 17. dxc5 Bxc5 18. Rc1 Qb6 19. Qc3 Be7 20. Qc7 Qxc7 21.
Rxc7 Bd6 22. Rb7 Rxh2 23. Rxh2 Bxh2 24. Ba5 Bg1 25. e4 Nd7 26. a4 Nc5 27. Rc7
Rb8 28. axb5 axb5 29. Kc2 Nd7 30. Bb4 Kd8 31. Rc6 Ne5 32. Rd6+ Ke8 33. b3 Nd7
34. Rc6 Ne5 35. Rc7 Nd7 36. Bxb5 Rd8 37. Rb7 Bh2 38. Ba5 Rc8+ 39. Kd3 1-0

[Event "European Rapid 2017"]
[Site "Katowice POL"]
[Date "2017.12.16"]
[Round "2.34"]
[White "Szmyd, Arkadiusz"]
[Black "Saric, Ante"]
[Result "1/2-1/2"]
[BlackTitle "GM"]
[WhiteElo "2101"]
[BlackElo "2540"]
[WhiteFideId "1124730"]
[BlackFideId "14506254"]
[EventDate "2017.12.16"]

1. e4 c5 2. Nf3 e6 3. d4 cxd4 4. Nxd4 a6 5. Nc3 Qc7 6. Bd3 Nc6 7. Be3 Nf6 8. O-O
Nxd4 9. Bxd4 Bc5 10. Bxc5 Qxc5 11. Kh1 d6 12. f3 e5 13. Qd2 Be6 14. b3 b5 15. a4
b4 16. Na2 a5 17. Bb5+ Ke7 18. Rab1 Rac8 19. Rfc1 Qd4 20. Qe1 Rc7 21. c3 bxc3
22. Nxc3 Rhc8 23. Ne2 Qb6 24. Rxc7+ Rxc7 25. b4 Ra7 26. bxa5 Qxa5 27. Nc3 Qc7
28. Rc1 Qb6 29. Qd1 Rc7 30. Ne2 d5 31. Rxc7+ Qxc7 32. exd5 Nxd5 33. Ng3 Qc3 34.
Ne4 Qb2 35. Qg1 Qd4 36. Qc1 h6 37. Qa3+ Qb4 38. Qxb4+ Nxb4 39. Kg1 f5 40. Nc5
Bc8 41. Nd3 Nxd3 42. Bxd3 Kd6 43. a5 Kc5 44. Kf2 Kd4 45. Ke2 Bd7 46. Ba6 Kc5 47.
Bd3 Kd4 48. Ba6 f4 49. Bb7 Bb5+ 50. Kd2 Kc5 51. g3 g5 52. Kc3 fxg3 53. hxg3 h5
54. Kd2 Bd7 55. Ke3 Bf5 56. g4 hxg4 57. fxg4 Bxg4 58. Ke4 Kb5 59. a6 Kb6 1/2-1/2

[Event "European Rapid 2017"]
[Site "Katowice POL"]
[Date "2017.12.16"]
[Round "2.35"]
[White "Tari, Aryan"]
[Black "Stabulnieks, Klavs"]
[Result "1-0"]
[WhiteTitle "GM"]
[WhiteElo "2593"]
[BlackElo "2181"]
[WhiteFideId "1510045"]
[BlackFideId "11603984"]
[EventDate "2017.12.16"]

1. e3 g6 2. d4 Bg7 3. Nf3 Nf6 4. c4 O-O 5. Be2 c5 6. d5 d6 7. O-O e6 8. Nc3 exd5
9. cxd5 Re8 10. Nd2 Na6 11. Nc4 Nc7 12. a4 b6 13. f3 Ba6 14. e4 Bxc4 15. Bxc4 a6
16. Qd3 Qd7 17. Be3 h6 18. Rfb1 Nh5 19. b4 f5 20. bxc5 bxc5 21. Rb7 Qd8 22. Rab1
f4 23. Bf2 Be5 24. Ne2 g5 25. R1b6 Ng7 26. Rc6 Rc8 27. Bxa6 Re7 28. Bc4 Kh8 29.
a5 Nge8 30. a6 Ra8 31. a7 Rg7 32. Rcb6 Qf6 33. Bxc5 g4 34. fxg4 Qh4 35. Bf2 Qxg4
36. g3 f3 37. Nd4 Qh3 38. Qf1 Qg4 39. Rb3 Qxe4 40. Nxf3 Bf6 41. Rb8 Rg8 42. Qe2
Qg4 43. Rxa8 Nxa8 44. Rb8 Nec7 45. Bd3 Qa4 46. Qe4 Qxe4 47. Bxe4 Kg7 48. Nd4 Kf7
49. Nf5 Rh8 50. Nxd6+ 1-0

[Event "European Rapid 2017"]
[Site "Katowice POL"]
[Date "2017.12.16"]
[Round "2.36"]
[White "Winiarski, Mikolaj"]
[Black "Meskovs, Nikita"]
[Result "1/2-1/2"]
[WhiteTitle "FM"]
[BlackTitle "GM"]
[WhiteElo "2249"]
[BlackElo "2538"]
[WhiteFideId "1159984"]
[BlackFideId "11602740"]
[EventDate "2017.12.16"]

1. d4 Nf6 2. c4 c5 3. d5 b5 4. cxb5 a6 5. f3 e6 6. e4 exd5 7. e5 Qe7 8. Qe2 Ng8
9. Nc3 Bb7 10. Bf4 Qe6 11. Nh3 Ne7 12. g4 Ng6 13. Bg2 c4 14. O-O axb5 15. Be3 d4
16. Nxb5 Qb6 17. Nxd4 Bc5 18. Rfd1 Nc6 19. Nf5 O-O 20. f4 Nh4 21. Bxc5 Qxc5+ 22.
Qe3 Qxe3+ 23. Nxe3 Nxg2 24. Nxg2 Nb4 25. Ne3 Ba6 26. Nf2 f6 27. Rxd7 fxe5 28.
fxe5 Rae8 29. Nf5 Rxe5 30. Rxg7+ Kh8 31. Ra7 Bc8 32. Nd6 Be6 33. Nh3 Rg8 34. Nf2
Rf8 35. Re7 Nd3 36. Nxd3 cxd3 37. Rd1 Rf4 38. Rxd3 Re1+ 39. Kg2 Rxg4+ 40. Kf2
Rgg1 41. Re8+ Kg7 42. Rg3+ Rxg3 43. hxg3 Re5 44. Re7+ Kg6 45. a4 h5 46. b4 Kf6
47. Rc7 Rd5 48. Nc4 Rd4 49. Ke3 Rxc4 50. Rxc4 Bxc4 51. Kf4 Be2 52. b5 Ke6 53.
Kg5 Kd6 54. b6 Kc6 55. a5 Kb7 56. Kh4 Bg4 57. Kg5 Bf3 58. Kh4 Ka6 59. Kg5 Kxa5
60. b7 Bxb7 61. Kxh5 Bf3+ 62. Kg5 1/2-1/2

[Event "European Rapid 2017"]
[Site "Katowice POL"]
[Date "2017.12.16"]
[Round "2.37"]
[White "Dziuba, Marcin"]
[Black "Dzhuguryan, Tygran"]
[Result "1-0"]
[WhiteTitle "GM"]
[WhiteElo "2584"]
[BlackElo "2220"]
[WhiteFideId "1112953"]
[BlackFideId "21872988"]
[EventDate "2017.12.16"]

1. d4 Nf6 2. c4 e6 3. Nf3 b6 4. g3 Bb7 5. Bg2 Be7 6. O-O O-O 7. Nc3 Ne4 8. Bd2
Nxd2 9. Qxd2 Bb4 10. Qd3 Nc6 11. d5 Na5 12. e4 Ba6 13. b3 Qe7 14. Nd4 g6 15. Nc2
Bxc3 16. Qxc3 exd5 17. exd5 Rae8 18. Rfe1 Qd6 19. Bf1 Bc8 20. h4 h5 21. Re3 Rxe3
22. Nxe3 Re8 23. b4 Nb7 24. Rc1 c5 25. dxc6 dxc6 26. Bg2 a5 27. b5 cxb5 28. Nd5
Re6 29. cxb5 Nc5 30. Nxb6 Qxb6 31. Qxc5 Re1+ 32. Kh2 Qxc5 33. Rxc5 Be6 34. b6
Rb1 35. b7 1-0

[Event "European Rapid 2017"]
[Site "Katowice POL"]
[Date "2017.12.16"]
[Round "2.38"]
[White "Pein, Jonathan"]
[Black "Pavlidis, Antonios"]
[Result "0-1"]
[BlackTitle "GM"]
[WhiteElo "2165"]
[BlackElo "2539"]
[WhiteFideId "417092"]
[BlackFideId "4212312"]
[EventDate "2017.12.16"]

1. e4 c5 2. Ne2 e6 3. g3 Nc6 4. Bg2 a6 5. O-O d6 6. c3 Nf6 7. d4 cxd4 8. cxd4
Be7 9. Nbc3 O-O 10. h3 Bd7 11. Be3 Rc8 12. Rc1 b5 13. g4 Na5 14. b3 b4 15. Nb1
Bb5 16. Re1 Nc6 17. Ng3 d5 18. e5 Nd7 19. f4 Bh4 20. Qf3 f6 21. exf6 Qxf6 22.
Nh5 Qf7 23. Red1 Ne7 24. Bf1 Nf6 25. Nxf6+ Qxf6 26. Nd2 Rc3 27. a4 Bxf1 28. Rxc3
bxc3 29. Nxf1 Bg5 30. Rc1 Ng6 31. f5 Nh4 32. Qf2 Bxe3 33. Nxe3 Qxd4 34. Rd1 Qe4
35. Qxh4 Qxe3+ 36. Qf2 c2 37. Re1 Qxh3 0-1

[Event "European Rapid 2017"]
[Site "Katowice POL"]
[Date "2017.12.16"]
[Round "2.39"]
[White "Tregubov, Pavel V."]
[Black "Hermanowicz, Dominika"]
[Result "1-0"]
[WhiteTitle "GM"]
[WhiteElo "2575"]
[BlackElo "2074"]
[WhiteFideId "4115341"]
[BlackFideId "1123920"]
[EventDate "2017.12.16"]

1. d4 d5 2. c4 e6 3. Nc3 Nf6 4. Nf3 Be7 5. Bf4 O-O 6. e3 Nbd7 7. Be2 c6 8. O-O
Nh5 9. Be5 f6 10. Bg3 Nxg3 11. hxg3 Re8 12. e4 Bb4 13. Bd3 Bxc3 14. bxc3 dxe4
15. Bxe4 e5 16. Qc2 Nf8 17. Rad1 Qa5 18. d5 Bd7 19. Rd2 g6 20. Qb3 f5 21. Bc2
Rab8 22. Qb4 Qc7 23. d6 Qc8 24. c5 Qd8 25. Bb3+ Kg7 26. Re1 Qf6 27. Rde2 e4 28.
Nd4 g5 29. f3 exf3 30. Re7+ Kh6 31. Nxf3 Red8 32. Rf7 Qh8 33. Ree7 Bc8 34. Qd4
Qxd4+ 35. cxd4 b6 36. Ne5 1-0